书目信息 |
| 题名: |
建筑师结构学
|
|
| 作者: | 慎铁刚 编 | |
| 分册: | ||
| 出版信息: | 天津 天津大学出版社 2000.04 |
|
| 页数: | 422页 | |
| 开本: | 16开 | |
| 丛书名: | ||
| 单 册: | ||
| 中图分类: | TU3 | |
| 科图分类: | ||
| 主题词: | 建筑结构 | |
| 电子资源: | ||
| ISBN: | 7-5618-1296-5 | |
| 000 | 00534nam0 2200193 45 | |
| 001 | 0010210966 | |
| 005 | 20010227144856.8 | |
| 010 | @a7-5618-1296-5@d30.00元 | |
| 100 | @a20001021d2000 km y0chiy0120 ea | |
| 101 | 0 | @achi |
| 105 | @a z 000yy | |
| 200 | 1 | @a建筑师结构学@AJian Zhu Shi Jie Gou Xue@f慎铁刚编@FShen Tie Gang Bian |
| 210 | @a天津@c天津大学出版社@d2000.04 | |
| 215 | @a422页@d16开 | |
| 606 | 0 | @a建筑结构 |
| 690 | @aTU3@v3 | |
| 701 | 0 | @a慎铁刚@4编 |
| 801 | @aCN@bPftUser@c20001021 | |
| 905 | @dTU3@eSH280@b324327-331@f5 | |
| 建筑师结构学/慎铁刚编.-天津:天津大学出版社,2000.04 |
| 422页;16开 |
| ISBN 7-5618-1296-5:30.00元 |
| ● |
| 相关链接 |
|
|
|
正题名:建筑师结构学
索取号:TU3/SH280
 
预约/预借
| 序号 | 登录号 | 条形码 | 馆藏地/架位号 | 状态 | 备注 |
| 1 | 324327 | 203243276 | 土木与交通工程学院资料室/土木与交通学院资料室 1排1列1层/ [索取号:TU3/SH280] | 在馆 | |
| 2 | 324328 | 203243285 | 自科二线404/101建筑库 39排6列4层/ [索取号:TU3/SH280] | 在馆 | |
| 3 | 324329 | 203243294 | 自科二线404/101建筑库 39排6列4层/ [索取号:TU3/SH280] | 在馆 | |
| 4 | 324330 | 203243301 | 土木与交通工程学院资料室/土木与交通学院资料室 1排1列1层/ [索取号:TU3/SH280] | 在馆 | |
| 5 | 324331 | 203243310 | 建筑库101/101建筑库 74排4列1层/ [索取号:TU3/SH280] | 在馆 |